000 02023nam a2200493 c 4500
001 16626
003 ES-MaCES
005 20141221122434.0
008 040629s2004 sp d t 000 | spa d
017 _aNA 385-2004
_bDL
020 _a8447021378
035 _aCES20040008839m
040 _aES-MaCES
_bspa
_cES-MaCES
100 1 _920190
_aPablo Valenciano, Jaime de
245 1 0 _aCaracterización de la comercialización hortofrutícola española
_b: una aplicación a la producción intensiva
_cJaime de Pablo Valenciano, Juan Carlos Pérez Mesa, Roberto García Torrente ; prólogo, Tomás García Azcárate
250 _a1ª ed
260 _aMadrid
_bCivitas
_c2004
300 _a263 p.
_bgráf. bl. y n.
_c20 cm
490 1 _aBiblioteca Cívitas Economía y empresa. Colección Economía
490 1 _aEstudios y monografías de economía
500 _aEn la cub.: COEXPHAL, Asociación Provincial de Empresarios Cosecheros-Exportadores de Productos Hortofrutícolas de Almeria
504 _aBibliografía: p. 249-263
541 _cCompra
650 4 _afruta
_927557
650 4 _ahorticultura
_927562
650 4 _aproducción agrícola
_927531
650 4 _acomercialización
_928269
650 4 _avolumen de exportaciones
_927982
650 4 _acompetitividad
_928270
650 4 _adesarrollo sostenible
_930785
650 4 _aEspaña
_926964
650 4 _aAlmería (Provincia)
_931504
650 4 _acuadros estadísticos
_928890
653 1 0 _aAgricultura-Ganadería
700 1 _aPérez Mesa, Juan Carlos
_920812
700 1 _aGarcía Torrente, Roberto
_913086
700 1 _aGarcía Azcárate, Tomás
_ecol.
_912776
710 2 _aAsociación Provincial de Empresarios Cosecheros-Exportadores de Productos Hortofrutícolas de Almeria
_91521
830 0 _aBiblioteca Cívitas Economía y empresa
_pColección Economía
_932195
830 0 _aEstudios y monografías de economía
_934005
902 _aLIB Libro
942 _2CES
_cBK
_h5.0.
999 _c16626
_d16626